00217 a2200109 4500001000700000020000600007040001100013100002700024240002600051245002100077362000900098169024 a  cMagnum aBarral I Altet, Xavier10aHistoria da artelpor10aHistoria da arte0 a1899